[Event "HUN Team League Ch. Csongrad Region"]
[Site "Csongrád County"]
[Date "2015.09.27"]
[Round "2.1"]
[White "Linczer, Janos"]
[Black "Kelemen, Imre"]
[Result "1-0"]
[WhiteElo "2145"]
[BlackElo "2120"]
[PlyCount "81"]
[EventDate "2015.09.20"]

1. e4 c5 2. Nf3 Nc6 3. Bb5 a6 4. Bxc6 bxc6 5. O-O g6 6. Nc3 Bg7 7. d3 Rb8 8.
Na4 Qa5 9. c3 Nf6 10. Be3 d6 11. h3 O-O 12. Rc1 c4 13. b3 cxb3 14. axb3 c5 15.
c4 Qb4 16. Rb1 Nd7 17. Bd2 Qb7 18. b4 Qc6 19. Qc2 cxb4 20. Rxb4 Rxb4 21. Bxb4
Ne5 22. Nxe5 Bxe5 23. Bc3 Bd7 24. Ra1 Bf4 25. Qb2 f5 26. e5 Qc7 27. exd6 Qxd6
28. d4 Rb8 29. Qc2 e5 30. dxe5 Bxe5 31. Rd1 Bxa4 32. Qxa4 Qf6 33. Bxe5 Qxe5 34.
Qxa6 Qe2 35. Qd6 Rc8 36. c5 Qc4 37. Rd5 Re8 38. c6 Re1+ 39. Kh2 Qc1 40. Qd8+
Kg7 41. Rd7+ 1-0

[Event "HUN Team League Ch. Csongrad Region"]
[Site "Csongrád County"]
[Date "2015.09.27"]
[Round "2.1"]
[White "Miko, Valer"]
[Black "Tenk, Zoltan"]
[Result "1/2-1/2"]
[WhiteElo "2078"]
[BlackElo "1947"]
[PlyCount "36"]
[EventDate "2015.09.20"]

1. e4 e5 2. Nf3 Nf6 3. Nxe5 d6 4. Nf3 Nxe4 5. Nc3 Nf6 6. d4 d5 7. Bd3 Be7 8. h3
O-O 9. O-O b6 10. Ne2 Bb7 11. Ng3 Ne4 12. Qe2 f5 13. Ne5 Nd7 14. Nh5 Nxe5 15.
dxe5 c5 16. Nf4 Qd7 17. Bb5 Bc6 18. Bxc6 Qxc6 1/2-1/2

[Event "HUN Team League Ch. Csongrad Region"]
[Site "Csongrád County"]
[Date "2015.09.27"]
[Round "2.1"]
[White "Blazsik, Zoltan"]
[Black "Tanacs, Anna"]
[Result "0-1"]
[WhiteElo "1868"]
[BlackElo "2025"]
[PlyCount "106"]
[EventDate "2015.09.20"]

1. d4 Nf6 2. c4 e6 3. Nc3 Bb4 4. Qc2 O-O 5. e4 d5 6. e5 Ne4 7. Bd3 c5 8. Nf3
cxd4 9. Nxd4 dxc4 10. Bxe4 Qxd4 11. Bxh7+ Kh8 12. h4 Qxe5+ 13. Be3 Bc5 14.
O-O-O Bxe3+ 15. fxe3 Qxe3+ 16. Kb1 Nc6 17. h5 Nd4 18. Qe4 Qxe4+ 19. Bxe4 e5 20.
Bd5 Bf5+ 21. Kc1 Rab8 22. Bxc4 b5 23. Bd3 b4 24. Ne4 b3 25. axb3 Rxb3 26. Rhe1
Bg4 27. Rd2 Rb6 28. Kb1 Bf5 29. Ka2 Be6+ 30. Kb1 Bf5 31. Ka2 Be6+ 32. Kb1 Nb3
33. Rf2 Rd8 34. Bc2 Nd4 35. Rd2 Rdb8 36. Bd3 Bf5 37. Rf2 a5 38. Nc5 Bxd3+ 39.
Nxd3 f6 40. Rc1 a4 41. Ka2 Nb3 42. Rc4 Rd6 43. Nb4 Rd1 44. Nc2 Nc1+ 45. Ka3 Nd3
46. Rf3 Ne1 47. Kxa4 Nxf3 48. gxf3 Rxb2 49. Ka3 Rdb1 50. Rc3 Rb8 51. Ka2 R1b5
52. Na3 Rb2+ 53. Ka1 R2b3 0-1

[Event "HUN Team League Ch. Csongrad Region"]
[Site "Csongrád County"]
[Date "2015.09.27"]
[Round "2.1"]
[White "Farkas, Sandor"]
[Black "Vidakovics, Istvan"]
[Result "1/2-1/2"]
[WhiteElo "1836"]
[BlackElo "1966"]
[PlyCount "91"]
[EventDate "2015.09.20"]

1. d4 d5 2. Nf3 Nf6 3. g3 g6 4. Bg2 Nbd7 5. O-O Bg7 6. Nbd2 O-O 7. Re1 c5 8. e4
dxe4 9. Nxe4 Nxe4 10. Rxe4 Nf6 11. Re1 Bg4 12. c3 cxd4 13. Qxd4 Qa5 14. Qe5 Nd5
15. Qg5 Be6 16. Bd2 Qb6 17. Qh4 Nf6 18. Qa4 Ng4 19. Rf1 Ne5 20. Rab1 Bf5 21.
Be3 Qc7 22. Rbd1 Bg4 23. Nxe5 Bxd1 24. Rxd1 Qxe5 25. Bf4 Qe2 26. Bxb7 Rad8 27.
Rb1 e5 28. Be3 f5 29. Qb3+ Kh8 30. Bc5 Rd2 31. Kg2 e4 32. Qe6 Qf3+ 33. Kg1 Rfd8
34. Rf1 Rd1 35. Ba6 Rxf1+ 36. Bxf1 h6 37. Bd4 Bxd4 38. cxd4 Rg8 39. d5 Qd1 40.
d6 Rg7 41. h4 h5 42. b4 Kh7 43. Kg2 Qf3+ 44. Kg1 Qd1 45. Kg2 Qf3+ 46. Kg1
1/2-1/2

[Event "HUN Team League Ch. Csongrad Region"]
[Site "Csongrád County"]
[Date "2015.09.27"]
[Round "2.1"]
[White "Valyi, Blanka Borbala"]
[Black "Fabian, Istvan"]
[Result "1-0"]
[WhiteElo "1895"]
[BlackElo "1791"]
[PlyCount "87"]
[EventDate "2015.09.20"]

1. d4 d5 2. Nf3 Nf6 3. g3 e6 4. Bg2 Be7 5. O-O O-O 6. c4 c5 7. Nc3 dxc4 8. Bf4
a6 9. a4 Nc6 10. dxc5 Qa5 11. Bd6 Rd8 12. Qd2 Ne8 13. Ne4 Qxd2 14. Nfxd2 Nxd6
15. cxd6 Bxd6 16. Nxd6 Rxd6 17. Nxc4 Rd8 18. Nb6 Rb8 19. Rfd1 Kf8 20. Rxd8+
Nxd8 21. Rc1 Nc6 22. Bxc6 bxc6 23. Rxc6 Rxb6 24. Rxb6 Ke7 25. b4 Kd7 26. b5 Kc7
27. Rc6+ Kb7 28. Rc5 axb5 29. Rxb5+ Ka7 30. Rc5 Kb7 31. e3 Bd7 32. a5 g6 33.
a6+ Kxa6 34. Rc7 Bb5 35. Rxf7 h5 36. Rf6 Bd3 37. Rxe6+ Kb7 38. e4 Kc7 39. f3
Kd7 40. Rxg6 Bc4 41. Rh6 Bf7 42. Rh7 Ke6 43. Rxf7 Kxf7 44. Kf2 1-0

[Event "HUN Team League Ch. Csongrad Region"]
[Site "Csongrád County"]
[Date "2015.09.27"]
[Round "2.1"]
[White "Kiss, Rebeka"]
[Black "Berczi, Peter"]
[Result "1/2-1/2"]
[WhiteElo "1702"]
[BlackElo "1797"]
[PlyCount "63"]
[EventDate "2015.09.20"]

1. e4 c5 2. Nf3 d6 3. d4 cxd4 4. Nxd4 Nf6 5. Nc3 g6 6. Be3 Bg7 7. f3 O-O 8. Qd2
Nc6 9. O-O-O Nxd4 10. Bxd4 Be6 11. g4 Qa5 12. Kb1 Rfc8 13. h4 Rab8 14. Nd5 Qxd2
15. Rxd2 Nxd5 16. exd5 Bxd4 17. Rxd4 Bd7 18. Bd3 h6 19. Re1 Re8 20. Rde4 Kf8
21. Rf4 Kg7 22. Rfe4 e6 23. dxe6 Rxe6 24. Rxe6 fxe6 25. Bc4 Kf6 26. Kc1 Rc8 27.
Bd3 Rc5 28. Kd2 Bb5 29. Re3 Rd5 30. b3 Bxd3 31. Rxd3 Ke5 32. Ke3 1/2-1/2

[Event "HUN Team League Ch. Csongrad Region"]
[Site "Csongrád County"]
[Date "2015.09.27"]
[Round "2.1"]
[White "Balogh, Judit Dora"]
[Black "Fridrik, Richard"]
[Result "1/2-1/2"]
[WhiteElo "1551"]
[BlackElo "1694"]
[PlyCount "82"]
[EventDate "2015.09.20"]

1. d4 d5 2. c4 c6 3. e3 Nf6 4. Nf3 g6 5. Bd3 dxc4 6. Bxc4 b5 7. Bd3 a6 8. Nc3
Nbd7 9. a3 c5 10. Ne4 cxd4 11. Nxd4 Bb7 12. Nxf6+ Nxf6 13. Nf3 Rc8 14. Be2 Qc7
15. Bd2 Rd8 16. Rc1 Qb6 17. a4 Ne4 18. O-O Bg7 19. Qc2 Nxd2 20. Nxd2 Qa5 21.
Ne4 Bxe4 22. Qxe4 O-O 23. axb5 axb5 24. b4 Qa7 25. Bxb5 Rb8 26. Bc6 e6 27. b5
Qb6 28. Rfd1 Rfd8 29. Rd3 Qa5 30. Rb1 Bf8 31. Rdb3 Be7 32. b6 Rxb6 33. Rxb6
Qxb6 34. g3 Qc5 35. Rb7 Rf8 36. h4 Bf6 37. Rb5 Qc1+ 38. Kg2 Rc8 39. Bd7 Rf8 40.
Qf3 Bg7 41. h5 Qc3 1/2-1/2

[Event "HUN Team League Ch. Csongrad Region"]
[Site "Csongrád County"]
[Date "2015.09.27"]
[Round "2.1"]
[White "Varga, Gabor"]
[Black "Szajbely, Samuel Janos"]
[Result "0-1"]
[WhiteElo "1506"]
[BlackElo "1574"]
[PlyCount "58"]
[EventDate "2015.09.20"]

1. e4 c5 2. Nf3 d6 3. d4 cxd4 4. Nxd4 Nf6 5. Nc3 g6 6. f3 Bg7 7. Be3 O-O 8. Qd2
Nc6 9. O-O-O d5 10. Nxc6 bxc6 11. exd5 Nxd5 12. Nxd5 cxd5 13. Qxd5 Qc7 14. Qc5
Qb7 15. Qb5 Qxb5 16. Bxb5 Rb8 17. a4 a6 18. Be2 Rxb2 19. Bd4 Rb4 20. Bxg7 Kxg7
21. Rd3 Rxa4 22. Rhd1 Be6 23. Rd4 Ra1+ 24. Kd2 Ra2 25. Bc4 Ra4 26. Kd3 Bxc4+
27. Rxc4 Rd8+ 28. Ke3 Rxc4 29. Rxd8 Rxc2 0-1

[Event "HUN Team League Ch. Csongrad Region"]
[Site "Csongrád County"]
[Date "2015.09.27"]
[Round "2.2"]
[White "Vanya, Janos"]
[Black "Adok, Janos"]
[Result "0-1"]
[WhiteElo "1919"]
[BlackElo "2241"]
[PlyCount "88"]
[EventDate "2015.09.20"]

1. d4 Nf6 2. c4 e6 3. Nf3 c5 4. e3 d5 5. Nc3 a6 6. b3 cxd4 7. exd4 Bb4 8. Bd2
O-O 9. a3 Bxc3 10. Bxc3 Ne4 11. Bb2 Nc6 12. Qc2 Bd7 13. Bd3 f5 14. O-O Rc8 15.
Qe2 Na5 16. cxd5 exd5 17. b4 Nc4 18. Ne5 b5 19. Rac1 Be8 20. Rc2 Rf6 21. Bc1 h6
22. Bxc4 bxc4 23. f3 Nd6 24. Ra2 Ba4 25. h3 Nb5 26. Qf2 c3 27. g4 Bb3 28. Ra1
c2 29. Kh1 Nc3 30. g5 Nd1 31. Qg2 hxg5 32. Bxg5 Qd6 33. Rg1 Rc7 34. Bxf6 Qxf6
35. Qd2 Qh4 36. Kg2 f4 37. Kh2 Nf2 38. Kg2 Nxh3 39. Rgf1 Qg3+ 40. Kh1 Ba4 41.
Rac1 Bb5 42. Nd3 Bxd3 43. Qxd3 Nf2+ 44. Rxf2 Qxf2 0-1

[Event "HUN Team League Ch. Csongrad Region"]
[Site "Csongrád County"]
[Date "2015.09.27"]
[Round "2.2"]
[White "Botka, Peter"]
[Black "Balogh, Ferenc"]
[Result "0-1"]
[WhiteElo "2126"]
[BlackElo "1870"]
[PlyCount "74"]
[EventDate "2015.09.20"]

1. d4 Nf6 2. c4 e5 3. d5 Bc5 4. Nc3 a6 5. e4 d6 6. h3 O-O 7. Bd3 h6 8. Nge2 Nh7
9. g4 Qh4 10. Ng3 Ng5 11. Bxg5 Qxg5 12. Qf3 g6 13. O-O Nd7 14. Rad1 Nf6 15. Qg2
h5 16. gxh5 Nxh5 17. Nxh5 Qxh5 18. Kh2 Kg7 19. Be2 Qh6 20. Rd3 Rh8 21. Bg4 Qf4+
22. Kg1 Rh4 23. Ne2 Qh6 24. Bxc8 Rxc8 25. Kh2 Rh8 26. Rg3 Qd2 27. Rg1 R8h6 28.
Qf3 Qxb2 29. R1g2 Qxa2 30. Qd3 Qb2 31. f3 Qa3 32. Qc2 b5 33. cxb5 axb5 34. Nc3
b4 35. Nb5 Qa5 36. Qd3 Qb6 37. Qe2 Be3 0-1

[Event "HUN Team League Ch. Csongrad Region"]
[Site "Csongrád County"]
[Date "2015.09.27"]
[Round "2.2"]
[White "Bodo, Imre"]
[Black "Borsi, Imre"]
[Result "0-1"]
[WhiteElo "1783"]
[BlackElo "2100"]
[PlyCount "66"]
[EventDate "2015.09.20"]

1. d4 Nf6 2. c4 e6 3. Nc3 c5 4. d5 exd5 5. cxd5 d6 6. e4 g6 7. Bd3 Bg7 8. Nge2
O-O 9. Bg5 h6 10. Bh4 a6 11. a4 Re8 12. f3 Nbd7 13. Bc2 Rb8 14. O-O b5 15. axb5
axb5 16. Ra7 Qb6 17. Qa1 b4 18. Nd1 Bb7 19. Ne3 Ra8 20. Ra4 Qb5 21. Nc1 Nb6 22.
Ra2 c4 23. Bd1 Nfd7 24. Be2 Nc5 25. Rd1 b3 26. Ra3 Rxa3 27. Qxa3 Ra8 28. Qxa8+
Bxa8 29. Bg3 Bxb2 30. Bxd6 Nca4 31. Ng4 Bxc1 32. Rxc1 b2 33. Re1 b1=Q 0-1

[Event "HUN Team League Ch. Csongrad Region"]
[Site "Csongrád County"]
[Date "2015.09.27"]
[Round "2.2"]
[White "Abraham, Zoltan"]
[Black "Lakatos, Alfred"]
[Result "1/2-1/2"]
[WhiteElo "1966"]
[BlackElo "1643"]
[PlyCount "26"]
[EventDate "2015.09.20"]

1. d4 Nf6 2. Nf3 d5 3. Bf4 e6 4. e3 Bd6 5. Ne5 O-O 6. Nd2 Nbd7 7. c3 Ne4 8. Bd3
Nxd2 9. Qxd2 f6 10. Nxd7 Qxd7 11. Bg3 e5 12. dxe5 fxe5 13. Bc2 Qf7 1/2-1/2

[Event "HUN Team League Ch. Csongrad Region"]
[Site "Csongrád County"]
[Date "2015.09.27"]
[Round "2.2"]
[White "Arato, Daniel"]
[Black "Buzas, Andras"]
[Result "1-0"]
[WhiteElo "1631"]
[BlackElo "1837"]
[PlyCount "109"]
[EventDate "2015.09.20"]

1. Nf3 b6 2. g3 Bb7 3. Bg2 g6 4. d4 Bg7 5. O-O Nf6 6. c4 c6 7. Nc3 d5 8. b3 O-O
9. Qc2 Na6 10. Ba3 Rc8 11. e3 dxc4 12. bxc4 Nd7 13. Rab1 f5 14. Ng5 Rf6 15. Nb5
Ra8 16. c5 Kh8 17. Nc3 h6 18. Nh3 g5 19. e4 e6 20. e5 Rf7 21. Nb5 Bf8 22. Nd6
Bxd6 23. cxd6 Rc8 24. Qb3 Nf8 25. Rfc1 Qd7 26. Rc3 Ng6 27. Bc1 Kg7 28. Bxg5
hxg5 29. Nxg5 Nf8 30. Nxf7 Qxf7 31. Rbc1 c5 32. dxc5 Bxg2 33. Kxg2 Nxc5 34. Qb5
Nfd7 35. f4 Rh8 36. a4 Qh5 37. h4 Qg6 38. a5 Qf7 39. axb6 axb6 40. Ra3 Rb8 41.
Ra7 Rd8 42. Rh1 Kf8 43. h5 Ke8 44. h6 Qh7 45. Rh5 Qh8 46. Rg5 Kf8 47. Rg7 Qxh6
48. Raxd7 Nxd7 49. Rxd7 Ra8 50. Qc4 b5 51. Qc2 b4 52. Rc7 Qh5 53. d7 Ke7 54.
Qc5+ Kd8 55. Rc8+ 1-0

[Event "HUN Team League Ch. Csongrad Region"]
[Site "Csongrád County"]
[Date "2015.09.27"]
[Round "2.2"]
[White "Bene, Zoltan"]
[Black "Gyemant, Karoly"]
[Result "1-0"]
[WhiteElo "1768"]
[BlackElo "1625"]
[PlyCount "75"]
[EventDate "2015.09.20"]

1. e4 d6 2. d4 Nd7 3. Nf3 e6 4. Bd3 c5 5. c3 a6 6. a4 b6 7. O-O Rb8 8. Qe2 a5
9. Na3 Ngf6 10. Nb5 e5 11. d5 Be7 12. Nd2 Nf8 13. Na7 Ra8 14. Nc6 Qc7 15. Bb5
Bd7 16. f4 exf4 17. Nf3 Ng6 18. c4 Ne5 19. Nxe7 Kxe7 20. Bxf4 Bxb5 21. axb5
Rhd8 22. Bg5 h6 23. Bh4 g5 24. Nxg5 hxg5 25. Bxg5 Ned7 26. Qf2 Rg8 27. Bxf6+
Nxf6 28. Qxf6+ Kf8 29. Qh6+ Ke8 30. Rf6 Rd8 31. Raf1 Rd7 32. e5 dxe5 33. Rc6
Qd8 34. Rxb6 Re7 35. Rbf6 Qd7 36. Ra6 Qb7 37. Qc6+ Qxc6 38. dxc6 1-0

[Event "HUN Team League Ch. Csongrad Region"]
[Site "Csongrád County"]
[Date "2015.09.27"]
[Round "2.2"]
[White "Koszta, Benedek"]
[Black "Tokes, Janos"]
[Result "1/2-1/2"]
[WhiteElo "1510"]
[BlackElo "1674"]
[PlyCount "59"]
[EventDate "2015.09.20"]

1. e4 Nf6 2. e5 Nd5 3. d4 d6 4. exd6 cxd6 5. Bc4 Nb6 6. Bb3 e6 7. Nf3 Be7 8.
O-O O-O 9. c3 N8d7 10. Re1 Nf6 11. Nbd2 Bd7 12. Bc2 Bc6 13. Nf1 Rc8 14. Ng3 h6
15. Qd3 Bxf3 16. gxf3 Qc7 17. Nh5 Nbd7 18. Kh1 Qc4 19. Nxf6+ Nxf6 20. Qd2 Qd5
21. Be4 Nxe4 22. fxe4 Qh5 23. Qe3 f5 24. exf5 Qxf5 25. Qxe6+ Qxe6 26. Rxe6 Bh4
27. f4 Rce8 28. Rxe8 Rxe8 29. Bd2 Re2 30. Rd1 1/2-1/2

[Event "HUN Team League Ch. Csongrad Region"]
[Site "Csongrád County"]
[Date "2015.09.27"]
[Round "2.2"]
[White "Kis, Izabella"]
[Black "Vajna, Zsolt"]
[Result "1-0"]
[WhiteElo "1293"]
[BlackElo "1352"]
[PlyCount "29"]
[EventDate "2015.09.20"]

1. e4 c5 2. d4 cxd4 3. Nf3 Nc6 4. Nxd4 Qc7 5. Nc3 e6 6. Be3 a6 7. Bd3 Nf6 8.
O-O Be7 9. f4 O-O 10. e5 Ne8 11. Rf3 Nb4 12. Bxh7+ Kh8 13. Rh3 f6 14. Bg6+ Kg8
15. Qh5 1-0

[Event "HUN Team League Ch. Csongrad Region"]
[Site "Csongrád County"]
[Date "2015.09.27"]
[Round "2.3"]
[White "Kurucsai, Andras"]
[Black "Hajdu, Istvan"]
[Result "1-0"]
[WhiteElo "1723"]
[BlackElo "1992"]
[PlyCount "125"]
[EventDate "2015.09.20"]

1. d4 f5 2. g3 Nf6 3. Bg2 g6 4. Nf3 Bg7 5. O-O O-O 6. c4 d6 7. Nc3 Nc6 8. Re1
e5 9. d5 Ne7 10. e4 fxe4 11. Ng5 e3 12. Bxe3 Nf5 13. Nge4 Nxe3 14. Rxe3 Ng4 15.
Re2 Nh6 16. Rd2 Nf5 17. Ne2 Bd7 18. Qb3 b6 19. Rf1 Qe7 20. Qc2 g5 21. b4 a5 22.
a3 axb4 23. axb4 Ra3 24. c5 Bb5 25. N4c3 Bxe2 26. Nxe2 dxc5 27. bxc5 bxc5 28.
Be4 Nd4 29. Nxd4 exd4 30. Bxh7+ Kh8 31. Re2 Qd6 32. Be4 Rc3 33. Qd2 Bh6 34. Bg2
g4 35. Qe1 Rc1 36. Qa5 Rxf1+ 37. Kxf1 Rf6 38. Re8+ Bf8 39. Qb5 Kg7 40. Qe2 Qd7
41. Re6 Kf7 42. Qxg4 Rxe6 43. dxe6+ Qxe6 44. Qf4+ Ke8 45. Qxc7 Qc4+ 46. Kg1
Qc1+ 47. Bf1 Be7 48. Kg2 Qg5 49. Bc4 Kf8 50. Qc8+ Kg7 51. h4 Qf6 52. Qg8+ Kh6
53. Qd5 Qd6 54. Qe4 Kg7 55. Kh3 Bf6 56. g4 Qe7 57. Qxe7+ Bxe7 58. g5 Bd8 59.
Kg4 Ba5 60. h5 Bd2 61. f4 Ba5 62. h6+ Kh8 63. g6 1-0

[Event "HUN Team League Ch. Csongrad Region"]
[Site "Csongrád County"]
[Date "2015.09.27"]
[Round "2.3"]
[White "Udvardi, Zalan"]
[Black "Nagy, Zoltan"]
[Result "1-0"]
[WhiteElo "1879"]
[BlackElo "1705"]
[PlyCount "49"]
[EventDate "2015.09.20"]

1. e4 c5 2. Nf3 Nc6 3. c3 d6 4. d4 cxd4 5. cxd4 d5 6. exd5 Qxd5 7. Nc3 Qd8 8.
d5 Nb8 9. Bf4 a6 10. a4 Nd7 11. Bc4 Nb6 12. Bb3 e6 13. d6 Bd7 14. O-O Nf6 15.
a5 Nc8 16. Re1 h6 17. Nd5 Nxd5 18. Qxd5 Qf6 19. Be5 Qd8 20. Qd4 f6 21. Bg3 Kf7
22. Rac1 Bxd6 23. Bxd6 Nxd6 24. Qxd6 Re8 25. Rc7 1-0

[Event "HUN Team League Ch. Csongrad Region"]
[Site "Csongrád County"]
[Date "2015.09.27"]
[Round "2.3"]
[White "Papp, Zoltan"]
[Black "Csipai, Levente"]
[Result "1-0"]
[WhiteElo "1848"]
[BlackElo "1896"]
[PlyCount "78"]
[EventDate "2015.09.20"]

1. d4 d5 2. f4 c5 3. e3 Nf6 4. c3 g6 5. Bd3 Nbd7 6. Nf3 Bg7 7. O-O a6 8. Bd2
O-O 9. Be1 b5 10. Ne5 Qb6 11. Bh4 Re8 12. Nd2 Bb7 13. Qe2 Rad8 14. Rae1 Ne4 15.
Ndf3 Nb8 16. h3 f6 17. Ng4 Rc8 18. Nd2 Nd6 19. f5 Ne4 20. fxg6 hxg6 21. Nf2 f5
22. Nfxe4 dxe4 23. Bb1 Nd7 24. g4 e6 25. a3 c4 26. Bg3 Nf6 27. Be5 Nd5 28. Bxg7
Kxg7 29. Qg2 Ne7 30. Rf4 Rh8 31. Ref1 Rh6 32. Bxe4 Bxe4 33. Nxe4 Nd5 34. gxf5
Nxf4 35. f6+ Kf8 36. Rxf4 Qc7 37. Ng5 Re8 38. Qe4 e5 39. f7 exf4 1-0

[Event "HUN Team League Ch. Csongrad Region"]
[Site "Csongrád County"]
[Date "2015.09.27"]
[Round "2.3"]
[White "Revesz, Norbert"]
[Black "Heintz, Sebestyen"]
[Result "0-1"]
[WhiteElo "1841"]
[BlackElo "1740"]
[PlyCount "92"]
[EventDate "2015.09.20"]

1. e4 e5 2. f4 exf4 3. Nf3 Nc6 4. Bc4 d6 5. O-O Be6 6. Qe2 Qd7 7. d4 Bxc4 8.
Qxc4 f6 9. Bxf4 O-O-O 10. Nc3 g5 11. Bg3 h5 12. b4 h4 13. Bf2 h3 14. g3 g4 15.
Nh4 Bh6 16. Nf5 Bd2 17. Nb5 d5 18. Nfd6+ cxd6 19. exd5 Qf5 20. dxc6 Qf3 21.
Nxa7+ Kb8 22. c7+ Kxa7 23. d5+ Be3 24. Qd4+ Bxd4 25. Bxd4+ Ka6 26. Rxf3 Rc8 27.
Rc3 Rh7 28. a4 Rhxc7 29. Raa3 Ne7 30. b5+ Ka5 31. Rxc7 Rxc7 32. c3 Nxd5 33. Kf2
f5 34. Ke2 Re7+ 35. Kf2 Re4 36. Ra2 Nc7 37. b6 Ne6 38. Be3 Rxa4 39. Rd2 Ka6 40.
Rxd6 Ra2+ 41. Rd2 Rxd2+ 42. Bxd2 Kxb6 43. Ke2 Kc5 44. Kd3 b5 45. Be3+ Kd5 46.
Bb6 Ng5 0-1

[Event "HUN Team League Ch. Csongrad Region"]
[Site "Csongrád County"]
[Date "2015.09.27"]
[Round "2.3"]
[White "Komocsin, Kont"]
[Black "Balatoni, Gyorgy"]
[Result "1/2-1/2"]
[WhiteElo "1582"]
[BlackElo "1772"]
[PlyCount "130"]
[EventDate "2015.09.20"]

1. d4 Nf6 2. c4 g6 3. Nc3 Bg7 4. e4 d6 5. Nf3 O-O 6. h3 c6 7. Bd3 Nbd7 8. Be3
e5 9. d5 cxd5 10. cxd5 a6 11. Rc1 b6 12. O-O Nc5 13. Bc2 a5 14. Qd2 Ba6 15.
Rfe1 Nfd7 16. Bh6 b5 17. a3 a4 18. Bxg7 Kxg7 19. Rb1 Rb8 20. b3 axb3 21. Bxb3
Qa5 22. Bc2 Rfc8 23. a4 Nxa4 24. Bxa4 Qxc3 25. Qxc3 Rxc3 26. Bd1 b4 27. Be2
Bxe2 28. Rxe2 Nc5 29. Nd2 b3 30. Re3 Rxe3 31. fxe3 b2 32. Nc4 Nxe4 33. Rxb2
Rxb2 34. Nxb2 Nc3 35. Nc4 Nb5 36. Kf2 f5 37. Kf3 Kf6 38. h4 h5 39. g3 Ke7 40.
e4 Nc3 41. exf5 gxf5 42. Ne3 Kf6 43. Nc4 Nxd5 44. Nxd6 Ne7 45. Ne8+ Kg6 46. Nd6
Nc6 47. Ke3 Nb4 48. Nc4 Nd5+ 49. Kf3 e4+ 50. Ke2 Kf6 51. Kf2 Ke6 52. Ke2 Kf6
53. Kd2 f4 54. gxf4 Nxf4 55. Ke3 Ng2+ 56. Kxe4 Nxh4 57. Ne3 Kg5 58. Nd5 Ng6 59.
Kf3 h4 60. Kg2 Ne5 61. Kh3 Nd3 62. Ne3 Nf4+ 63. Kh2 Nd3 64. Ng2 Kh5 65. Nxh4
Kxh4 1/2-1/2

[Event "HUN Team League Ch. Csongrad Region"]
[Site "Csongrád County"]
[Date "2015.09.27"]
[Round "2.3"]
[White "Nagy, Viktor"]
[Black "Gabor, Geza"]
[Result "1-0"]
[WhiteElo "1768"]
[BlackElo "1695"]
[PlyCount "69"]
[EventDate "2015.09.20"]

1. e4 e5 2. Nf3 Nc6 3. d4 exd4 4. Nxd4 Qh4 5. Nb5 Bc5 6. Qe2 Bb6 7. Be3 Ba5+ 8.
c3 a6 9. Nd4 Qxe4 10. Nxc6 dxc6 11. Nd2 Qe7 12. Nc4 Bb6 13. Bxb6 cxb6 14. Nxb6
Rb8 15. O-O-O Be6 16. Qe5 Rd8 17. Bc4 Nf6 18. Rxd8+ Qxd8 19. Bxe6 O-O 20. Nc4
fxe6 21. Qxe6+ Kh8 22. Rd1 Nd5 23. Nd6 Qc7 24. g3 h6 25. c4 Nf6 26. f4 b5 27.
Kb1 bxc4 28. Qxc4 Qb6 29. Nf7+ Kh7 30. Ne5 Rc8 31. Qe6 Rc7 32. Qf5+ Kh8 33.
Rd8+ Ng8 34. Ng6+ Kh7 35. Nf8+ 1-0

[Event "HUN Team League Ch. Csongrad Region"]
[Site "Csongrád County"]
[Date "2015.09.27"]
[Round "2.3"]
[White "Magony, Milan"]
[Black "Kozak, Janos"]
[Result "1-0"]
[WhiteElo "1270"]
[BlackElo "1619"]
[PlyCount "115"]
[EventDate "2015.09.20"]

1. b4 d5 2. Bb2 Bf5 3. e3 e6 4. c4 Nf6 5. b5 c6 6. a4 a5 7. Nf3 Be7 8. Bxf6
Bxf6 9. d4 b6 10. Nbd2 Qe7 11. Be2 O-O 12. O-O cxb5 13. cxb5 Nd7 14. Rc1 Rac8
15. Rc6 Rxc6 16. bxc6 Nb8 17. Qb3 Qc7 18. Rc1 Rc8 19. Qc3 h5 20. Bb5 h4 21. h3
g5 22. Ne5 Bxe5 23. dxe5 Kh8 24. Nf3 Rg8 25. Qd4 Nd7 26. Nxg5 Nxe5 27. Qxh4+
Kg7 28. Qg3 Kf8 29. Qf4 Ke7 30. h4 f6 31. Nf3 Nxf3+ 32. Qxf3 Be4 33. Qh3 Rxg2+
34. Kf1 Rh2 35. Qg4 Kf7 36. Ke2 Rg2 37. Qh5+ Bg6 38. Qf3 Rh2 39. Rh1 Qe5 40.
Rxh2 Bh5 41. Rh3 Bxf3+ 42. Rxf3 Ke7 43. Rg3 f5 44. c7 Qc3 45. Rg7+ Qxg7 46.
c8=Q Qg4+ 47. Kd2 Qb4+ 48. Qc3 Qxh4 49. Qc7+ Kf8 50. Qxb6 Qxf2+ 51. Be2 Kf7 52.
Qxa5 Kf6 53. Qd8+ Ke5 54. a5 Ke4 55. Qb6 Ke5 56. a6 f4 57. Qb8+ Kf5 58. Qxf4+
1-0

[Event "HUN Team League Ch. Csongrad Region"]
[Site "Csongrád County"]
[Date "2015.09.27"]
[Round "2.4"]
[White "Oravecz, Matyas"]
[Black "Csikos, Mihaly"]
[Result "0-1"]
[WhiteElo "1727"]
[BlackElo "2105"]
[PlyCount "36"]
[EventDate "2015.09.20"]

1. b3 e5 2. Bb2 Nc6 3. e3 Nf6 4. c4 d5 5. cxd5 Nxd5 6. Bb5 f6 7. Bxc6+ bxc6 8.
h3 Nb4 9. Bc3 Nd3+ 10. Kf1 Ba6 11. Ne2 Qd7 12. Kg1 Qf5 13. f4 exf4 14. Nxf4
Nxf4 15. exf4 Bc5+ 16. d4 O-O-O 17. Qg4 Qxg4 18. hxg4 Rxd4 0-1

[Event "HUN Team League Ch. Csongrad Region"]
[Site "Csongrád County"]
[Date "2015.09.27"]
[Round "2.4"]
[White "Kovacs, Arthur Dr"]
[Black "Imreh, Csanad"]
[Result "1-0"]
[WhiteElo "2006"]
[BlackElo "1764"]
[PlyCount "61"]
[EventDate "2015.09.20"]

1. d4 d5 2. Nf3 e6 3. c4 Nf6 4. Nc3 c6 5. cxd5 cxd5 6. Bg5 Be7 7. e3 a6 8. Bd3
Nc6 9. Rc1 Bd7 10. O-O Nb4 11. Bb1 Rc8 12. Qe2 h6 13. Bh4 Nc6 14. Qd3 b5 15.
Rfe1 g5 16. Bg3 Bb4 17. Red1 Bxc3 18. Rxc3 Ne4 19. Rcc1 Nxg3 20. hxg3 f5 21.
Qa3 a5 22. Rc5 b4 23. Qd3 Qb6 24. Rdc1 Ke7 25. Qe2 Rhg8 26. Bd3 Na7 27. Ne5 g4
28. Qc2 Rxc5 29. Qxc5+ Qxc5 30. Rxc5 a4 31. Rc7 1-0

[Event "HUN Team League Ch. Csongrad Region"]
[Site "Csongrád County"]
[Date "2015.09.27"]
[Round "2.4"]
[White "Molnar, Jeno"]
[Black "Kelemen, David"]
[Result "0-1"]
[WhiteElo "1693"]
[BlackElo "1902"]
[PlyCount "94"]
[EventDate "2015.09.20"]

1. e4 c5 2. c3 d5 3. exd5 Qxd5 4. d4 Nf6 5. Nf3 cxd4 6. cxd4 g6 7. Nc3 Qa5 8.
Bd2 Bg7 9. Bb5+ Bd7 10. Nd5 Qd8 11. Bc4 Nxd5 12. Bxd5 Bc6 13. Bxc6+ Nxc6 14.
Bc3 Qd5 15. O-O O-O 16. Re1 Rfd8 17. Qa4 (17. Qb3 Qxb3 18. axb3) 17... b5 18.
Qb3 Qxb3 19. axb3 b4 20. Bd2 Nxd4 21. Nxd4 Rxd4 22. Be3 Rd3 23. Rxa7 Rxa7 24.
Bxa7 e6 25. Kf1 Rxb3 26. Rb1 Rxb2 27. Rxb2 Bxb2 28. Ke2 f5 29. Kd3 Kf7 30. Kc2
Bc3 31. Kb3 Kf6 32. Bc5 Be1 33. f3 e5 34. Bxb4 Bxb4 35. Kxb4 e4 36. f4 g5 37.
fxg5+ Kxg5 38. Kc3 f4 39. Kd2 Kg4 40. Ke2 f3+ 41. gxf3+ exf3+ 42. Kf2 Kf4 43.
Kf1 Ke3 44. Ke1 f2+ 45. Kf1 Kf3 46. h4 Kg3 47. h5 h6 0-1

[Event "HUN Team League Ch. Csongrad Region"]
[Site "Csongrád County"]
[Date "2015.09.27"]
[Round "2.4"]
[White "Balassy, Gabor"]
[Black "Jurasits, Miklos"]
[Result "1-0"]
[WhiteElo "1685"]
[BlackElo "1645"]
[PlyCount "41"]
[EventDate "2015.09.20"]

1. d4 Nf6 2. Bf4 d5 3. h3 g6 4. Nf3 Bg7 5. e3 Bf5 6. c4 O-O 7. Nc3 Nc6 8. Be2
a6 9. O-O e6 10. Ne5 Nxe5 11. dxe5 Nd7 12. g4 Bxg4 13. hxg4 Nxe5 14. cxd5 Qh4
15. Bg3 Qh3 16. Bf3 Nxf3+ 17. Qxf3 exd5 18. Nxd5 c6 19. Ne7+ Kh8 20. Rad1 Bxb2
21. Be5+ 1-0

[Event "HUN Team League Ch. Csongrad Region"]
[Site "Csongrád County"]
[Date "2015.09.27"]
[Round "2.4"]
[White "Filep, Miklos Sr"]
[Black "Erdei, Imre"]
[Result "0-1"]
[WhiteElo "1584"]
[BlackElo "1697"]
[PlyCount "22"]
[EventDate "2015.09.20"]

1. f4 Nf6 2. b3 d5 3. Bb2 Bf5 4. e3 a6 5. Nf3 Nc6 6. Be2 h6 7. O-O e6 8. Ne5
Bd6 9. Nxc6 bxc6 10. Na3 Qe7 11. Rc1 Bxa3 0-1